000 00352nam a2200145Ia 4500
008 191201s2009 xx 000 0 und d
082 _a519.86
_bMAS
100 _aMAHAJAN, M
245 0 _aStatistical Quality Control
250 _a3rd
260 _aN.Delhi
_bDhanpat Rai Pubn (P) Ltd
_c2009
300 _a544
650 _aB.Tech(ME)
942 _2ddc
_cBK
999 _c1970
_d1970